300 năm Sài Gòn - Thành phố Hồ Chí Minh = 300 years Sai Gon - Ho Chi Minh City

Tập tranh ảnh

Salvato in:
Dettagli Bibliografici
Natura: Libro
Lingua:Undetermined
Pubblicazione: Hà Nội VHTT 1998
Soggetti:
Tags: Aggiungi Tag
Nessun Tag, puoi essere il primo ad aggiungerne! !
Thư viện lưu trữ: Trung tâm Học liệu Trường Đại học Cần Thơ
LEADER 00497nam a2200169Ia 4500
001 CTU_22919
008 210402s9999 xx 000 0 und d
082 |a 915.97 
082 |b B100 
245 0 |a 300 năm Sài Gòn - Thành phố Hồ Chí Minh 
245 0 |b = 300 years Sai Gon - Ho Chi Minh City 
260 |a Hà Nội 
260 |b VHTT 
260 |c 1998 
520 |a Tập tranh ảnh 
650 |a ho chi minh city 
980 |a Trung tâm Học liệu Trường Đại học Cần Thơ